| 000 | 01114pam a2200349 i 4500 | ||
|---|---|---|---|
| 999 |
_c761 _d761 |
||
| 001 | 017093510 | ||
| 003 | Uk | ||
| 005 | 20191209101304.0 | ||
| 008 | 150119r20151935enka 000 1 eng d | ||
| 015 |
_aGBB527953 _2bnb |
||
| 016 | 7 |
_a017093510 _2Uk |
|
| 020 | _a9780008129538 (paperback) : | ||
| 040 |
_aStDuBDS _beng _cStDuBDS _dUk _erda |
||
| 042 | _aukblsr | ||
| 082 | _aFIC CHR | ||
| 100 | 1 |
_aChristie, Agatha, _d1890-1976, _eauthor. |
|
| 245 | 1 | 0 |
_aDeath in the clouds / _cAgatha Christie. |
| 264 | 1 |
_aLondon : _bHarper, _c2015. |
|
| 300 |
_a264 pages : _b1 illustration (black and white) ; _c20 cm |
||
| 336 |
_atext _2rdacontent |
||
| 337 |
_aunmediated _2rdamedia |
||
| 338 |
_avolume _2rdacarrier |
||
| 490 | _aPoirot | ||
| 500 | _aOriginally published: Great Britain : Collins, 1935. | ||
| 500 | _a"Agatha Christie 125th anniversary 1890-2015"--Cover. | ||
| 500 |
_aFormerly CIP. _5Uk |
||
| 530 | _aAlso issued online. | ||
| 600 | 1 | 0 |
_aPoirot, Hercule _c(Fictitious character) |
| 650 | 0 |
_aPrivate investigators _zBelgium _vFiction. |
|
| 655 | 0 | _aDetective and mystery stories. | |
| 942 |
_2ddc _cFIC |
||